[Event "4NCL Online Division 7"]
[Site "online"]
[Date "2021.04.20"]
[EventDate "2021.04.20"]
[Round "7.154"]
[White "Laza, Andrei"]
[WhiteElo "1227"]
[WhiteTeam "Harrow 4"]
[Black "Doyle, Jamie"]
[BlackElo "1602"]
[BlackTeam "Wessex Some Stars F"]
[Result "0-1"]
[PlyCount "120"]

1. b3 e5 2. Bb2 Nc6 3. e3 d6 4. Nf3 Nf6 5. d4 e4 6. Nfd2 d5 7. Bb5 Bd7 8. c4 a6 9. Bxc6 Bxc6 10. O-O Be7 11. cxd5 Nxd5 12. Nc4 O-O 13. Nbd2 Bg5 14. Nxe4 Nxe3 15. fxe3 Bxe4 16. Qe2 Qe7 17. Ba3 Qe6 18. Bxf8 Rxf8 19. Rad1 b5 20. Ne5 f6 21. Nf3 Bh6 22. h3 Bg6 23. Kh1 Bxe3 24. Rfe1 Re8 25. d5 Qb6 26. Rf1 Bc5 27. Qd2 Re3 28. Rfe1 Rd3 29. Qe2 Re3 30. Qd2 Rxe1+ 31. Rxe1 Bf2 32. Re2 Bg3 33. Qd4 Qd6 34. Re6 Qa3 35. Qe3 h5 36. Nd4 Bd6 37. Qe2 Qc1+ 38. Qe1 Qf4 39. Nf3 Bf7 40. Re8+ Bxe8 41. Qxe8+ Bf8 42. Qxh5 Qc1+ 43. Ng1 Qd2 44. Qf5 Qxa2 45. Qe6+ Kh8 46. Qe8 Qa3 47. Nf3 Qd6 48. Qe6 Qxe6 49. dxe6 Bc5 50. Nd4 Kg8 51. Nc6 Kf8 52. Nb8 Ke7 53. Nxa6 Bb6 54. Nb4 Kxe6 55. Nc6 Kd7 56. Nb8+ Kd6 57. Na6 c5 58. Kg1 Kc6 59. Nb8+ Kc7 60. Na6+ Kb7 0-1

[Event "4NCL Online Division 7"]
[Site "online"]
[Date "2021.04.20"]
[EventDate "2021.04.20"]
[Round "7.161"]
[White "Liu, Wenle"]
[WhiteElo "1162"]
[WhiteTeam "St Benildus E"]
[Black "Wilson, Michael GA"]
[BlackElo "1688"]
[BlackTeam "Redbridge All Sorts 3"]
[Result "1/2-1/2"]
[PlyCount "68"]

1. d4 Nf6 2. c4 e6 3. Nc3 Bb4 4. a3 Bxc3+ 5. bxc3 b6 6. Nf3 Bb7 7. Bf4 Nc6 8. e3 d6 9. Be2 Qe7 10. Qa4 O-O 11. Bg3 Ne4 12. Qc2 f5 13. O-O Nxg3 14. fxg3 Na5 15. Rfe1 Rad8 16. Bf1 e5 17. d5 Ba6 18. Qa2 Kh8 19. h4 h6 20. e4 f4 21. gxf4 Rxf4 22. Bd3 Rdf8 23. Qe2 Nb7 24. Rf1 Nc5 25. g3 R4f7 26. Kg2 Bc8 27. Ng1 a5 28. Rxf7 Rxf7 29. Rf1 Rxf1 30. Qxf1 Bg4 31. Be2 Bxe2 32. Qxe2 Qf6 33. Qf3 Qg6 34. Qf5 Kh7 1/2-1/2

[Event "4NCL Online Division 7"]
[Site "online"]
[Date "2021.04.20"]
[EventDate "2021.04.20"]
[Round "7.162"]
[White "Keehner, John R"]
[WhiteElo "1657"]
[WhiteTeam "Redbridge All Sorts 3"]
[Black "Hand, Joseph"]
[BlackElo "1092"]
[BlackTeam "St Benildus E"]
[Result "1-0"]
[PlyCount "57"]

1. e4 e5 2. Nf3 Nc6 3. Bb5 Bc5 4. O-O Nge7 5. c3 a6 6. Ba4 d5 7. Nxe5 dxe4 8. d4 b5 9. Nxc6 Nxc6 10. Bc2 Bd6 11. Re1 O-O 12. Bxe4 Bb7 13. Qf3 Re8 14. Bd2 Qe7 15. Bxh7+ Kxh7 16. Rxe7 Rxe7 17. Na3 Rae8 18. Be3 Re4 19. Nc2 Nd8 20. Qh3+ Kg8 21. Re1 g6 22. Kf1 f5 23. Bg5 Nf7 24. Rxe4 Rxe4 25. Bf6 Rg4 26. f3 Rf4 27. Ne3 g5 28. Nxf5 Bc8 29. Ne7+ 1-0

[Event "4NCL Online Division 7"]
[Site "online"]
[Date "2021.04.20"]
[EventDate "2021.04.20"]
[Round "7.163"]
[White "Gubala, Max"]
[WhiteElo "1110"]
[WhiteTeam "St Benildus E"]
[Black "Harris, Dai"]
[BlackElo "1523"]
[BlackTeam "Redbridge All Sorts 3"]
[Result "0-1"]
[PlyCount "84"]

1. e4 c5 2. Nf3 g6 3. c3 b6 4. d4 Bg7 5. Be2 Bb7 6. Be3 Bxe4 7. Ng5 Bb7 8. Bc4 e6 9. d5 e5 10. O-O d6 11. Qa4+ Nd7 12. Bb5 Nf6 13. c4 O-O 14. Qa3 a6 15. Ba4 Ng4 16. Bd2 f5 17. Qh3 h5 18. Ne6 Qe7 19. Nxf8 Rxf8 20. Nc3 Ndf6 21. Bg5 e4 22. Bc6 Bc8 23. Rae1 Qe5 24. Rd1 f4 25. Qh4 Nh7 26. Be7 g5 27. Bxg5 Qxg5 28. Qxg5 Nxg5 29. Rde1 Bf5 30. Bb7 a5 31. a3 Ne5 32. b3 Nd3 33. Rd1 Bxc3 34. a4 Bg4 35. f3 Bd4+ 36. Kh1 Nf2+ 37. Rxf2 Bxf2 38. fxg4 hxg4 39. Bc6 e3 40. Bd7 e2 41. Bxg4 e1=Q+ 42. Rxe1 Bxe1 0-1

[Event "4NCL Online Division 7"]
[Site "online"]
[Date "2021.04.20"]
[EventDate "2021.04.20"]
[Round "7.164"]
[White "Clarke, Emmet"]
[WhiteElo "1503"]
[WhiteTeam "Redbridge All Sorts 3"]
[Black "Kashanin, Dimitry"]
[BlackElo "967"]
[BlackTeam "St Benildus E"]
[Result "0-1"]
[PlyCount "62"]

1. d4 Nf6 2. c4 g6 3. Nc3 Bg7 4. e4 d6 5. Nf3 O-O 6. Be2 e5 7. O-O Nc6 8. d5 Ne7 9. b4 Nd7 10. Be3 f5 11. Ng5 Nf6 12. f3 f4 13. Bf2 h6 14. Ne6 Bxe6 15. dxe6 Qc8 16. Nd5 Qd8 17. Qb3 c6 18. Nxf6+ Rxf6 19. Rfd1 Kh7 20. c5 d5 21. exd5 Nxd5 22. Bc4 Rxe6 23. Bxd5 cxd5 24. Rxd5 Qe7 25. Rad1 e4 26. Rd7 Qe8 27. fxe4 Rxe4 28. Qd5 Qe6 29. Qxb7 Rg8 30. Qxa7 f3 31. b5 Qg4 0-1

[Event "4NCL Online Division 7"]
[Site "online"]
[Date "2021.04.20"]
[EventDate "2021.04.20"]
[Round "7.171"]
[White "Tzanidakis, Michail"]
[WhiteElo "1670"]
[WhiteTeam "Guildford Castles 3"]
[Black "Jones, Humphrey C N"]
[BlackElo "1631"]
[BlackTeam "Charlton Cobras B"]
[Result "1-0"]
[PlyCount "69"]

1. e4 e6 2. d4 d5 3. Nc3 Bb4 4. e5 Ne7 5. Bd3 c5 6. a3 Bxc3+ 7. bxc3 Nbc6 8. Qg4 Qc7 9. Bd2 cxd4 10. cxd4 Nxe5 11. Qxg7 Nxd3+ 12. cxd3 Rg8 13. Qxh7 e5 14. Rc1 Qd6 15. Bb4 Qg6 16. Qxg6 Nxg6 17. Ne2 exd4 18. Rc7 Bf5 19. O-O Kd8 20. Rxb7 Bxd3 21. Ba5+ Ke8 22. Re1 Kf8 23. Nxd4 Nf4 24. Bb4+ Kg7 25. Ne6+ Nxe6 26. Rxe6 Rac8 27. Rxa7 Rc1+ 28. Re1 Rgc8 29. Re7 Be4 30. f3 Rxe1+ 31. Bxe1 Rc1 32. fxe4 Rxe1+ 33. Kf2 Rxe4 34. Rxe4 dxe4 35. a4 1-0

[Event "4NCL Online Division 7"]
[Site "online"]
[Date "2021.04.20"]
[EventDate "2021.04.20"]
[Round "7.172"]
[White "Rogers, David M"]
[WhiteElo "1547"]
[WhiteTeam "Charlton Cobras B"]
[Black "Gunn, Michael J"]
[BlackElo "1582"]
[BlackTeam "Guildford Castles 3"]
[Result "1-0"]
[PlyCount "159"]

1. c4 e6 2. g3 Nf6 3. Bg2 d5 4. Nf3 c6 5. O-O Be7 6. b3 O-O 7. Bb2 Nbd7 8. d3 b6 9. Nbd2 Bb7 10. e4 dxe4 11. dxe4 Nc5 12. e5 Nfd7 13. Qe2 Qc7 14. Rad1 Rad8 15. Rfe1 Rfe8 16. h4 Nf8 17. Ne4 Nxe4 18. Qxe4 c5 19. Qe3 Rxd1 20. Rxd1 Rd8 21. Rxd8 Qxd8 22. Nd2 Bxg2 23. Kxg2 g5 24. hxg5 Bxg5 25. f4 Bh6 26. Qe2 Bg7 27. Ne4 Qa8 28. Kf2 Qd8 29. Nd6 Qd7 30. Qf3 Ng6 31. Qa8+ Bf8 32. Qc8 Qe7 33. Ne4 Kg7 34. Nf6 Kh8 35. Ke3 Kg7 36. Ke4 Kh8 37. Qd7 Qxd7 38. Nxd7 Be7 39. Nb8 Bd8 40. Nc6 Bc7 41. Nxa7 Ne7 42. Nb5 Bd8 43. Nd6 Kg7 44. g4 Nc6 45. f5 Nb4 46. fxe6 fxe6 47. a3 Nc6 48. Kf4 h6 49. Ne8+ Kg6 50. Nf6 Na5 51. b4 Nxc4 52. Bc1 cxb4 53. axb4 Bxf6 54. exf6 Kxf6 55. Ke4 Nd6+ 56. Kd4 Nf7 57. Be3 e5+ 58. Kd5 b5 59. Kc5 Ke6 60. Kxb5 Kd7 61. Kc5 Ng5 62. Bxg5 hxg5 63. Kd5 e4 64. Kxe4 Kc6 65. Kf5 Kb5 66. Kxg5 Kxb4 67. Kg6 Kc4 68. Kf7 Kd4 69. g5 Ke5 70. g6 Ke4 71. g7 Kd5 72. g8=Q Ke5 73. Qg5+ Kd4 74. Ke6 Ke4 75. Qd5+ Ke3 76. Ke5 Ke2 77. Kf4 Ke1 78. Kf3 Kf1 79. Qd2 Kg1 80. Qg2# 1-0

[Event "4NCL Online Division 7"]
[Site "online"]
[Date "2021.04.20"]
[EventDate "2021.04.20"]
[Round "7.173"]
[White "Celebi, Serhan"]
[WhiteElo "1547"]
[WhiteTeam "Guildford Castles 3"]
[Black "Stebbings, Robert J"]
[BlackElo "1598"]
[BlackTeam "Charlton Cobras B"]
[Result "0-1"]
[PlyCount "168"]

1. e4 c5 2. Nf3 Nc6 3. d4 cxd4 4. Nxd4 Nf6 5. f3 g6 6. c4 Bg7 7. Be3 Qb6 8. Nc2 Qxb2 9. Nd2 Nb4 10. Nxb4 Qxb4 11. Rb1 Qa5 12. Qc2 d6 13. Be2 O-O 14. O-O Qc7 15. Rfc1 b6 16. Bd4 Bd7 17. Qc3 Rac8 18. e5 dxe5 19. Bxe5 Qc5+ 20. Bd4 Qc6 21. Qe3 Bf5 22. Bd3 Bxd3 23. Qxd3 Rfd8 24. Qe3 e6 25. Bc3 Rd7 26. Nb3 Rcd8 27. h3 Rd3 28. Qe5 Nh5 29. Qe1 Bxc3 30. Rxc3 Qd6 31. Rxd3 Qxd3 32. Rc1 Nf4 33. Kh1 Ne2 34. Ra1 Qc2 35. Qf2 Rd1+ 36. Rxd1 Qxd1+ 37. Kh2 Qd6+ 38. Kh1 Ng3+ 39. Kg1 Qd1+ 40. Kh2 Nf1+ 41. Kg1 Nd2+ 42. Kh2 Nxb3 43. axb3 Qxb3 44. Qd4 Qb4 45. Qd8+ Qf8 46. Qc7 Qa8 47. f4 Qe4 48. Kg3 h5 49. h4 Qe3+ 50. Kh2 Qf2 51. Kh3 Qc5 52. Qxa7 Qf5+ 53. Kg3 Qg4+ 54. Kf2 Qxf4+ 55. Kg1 Qc1+ 56. Kf2 Qxc4 57. Qxb6 Qxh4+ 58. g3 Qf6+ 59. Kg2 Kg7 60. Qc5 Qb2+ 61. Kh3 Qe2 62. Qd4+ e5 63. Qc3 Qg4+ 64. Kg2 f6 65. Qc7+ Kh6 66. Qd6 Qe4+ 67. Kh3 Qf5+ 68. Kg2 e4 69. Qd2+ g5 70. Qb4 Qf3+ 71. Kh2 Qf2+ 72. Kh1 Qf3+ 73. Kh2 Kg6 74. Qb5 g4 75. Qe8+ Kf5 76. Qd7+ Ke5 77. Qe8+ Kd4 78. Qa4+ Ke3 79. Qa7+ Ke2 80. Qa2+ Kf1 81. Qb1+ Kf2 82. Qb2+ Ke1 83. Qc1+ Qd1 84. Qc3+ Qd2+ 0-1

[Event "4NCL Online Division 7"]
[Site "online"]
[Date "2021.04.20"]
[EventDate "2021.04.20"]
[Round "7.174"]
[White "Verbytski, Oleg"]
[WhiteElo "1336"]
[WhiteTeam "Charlton Cobras B"]
[Black "Garrood, Anthony"]
[BlackElo "1411"]
[BlackTeam "Guildford Castles 3"]
[Result "1-0"]
[PlyCount "79"]

1. e4 e5 2. Nf3 Nc6 3. d4 exd4 4. Nxd4 Bc5 5. Be3 Qf6 6. c3 Nge7 7. Bc4 Ne5 8. Bb3 Qg6 9. O-O d5 10. f4 Bg4 11. Qd2 Nc4 12. Bxc4 dxc4 13. f5 Qb6 14. Na3 Bxd4 15. Bxd4 Qc6 16. Rae1 f6 17. e5 O-O-O 18. exf6 Nxf5 19. fxg7 Nxg7 20. Qg5 Qg6 21. Qxg6 hxg6 22. Bxg7 Rhe8 23. Rxe8 Rxe8 24. Rf8 Rxf8 25. Bxf8 Be2 26. Kf2 Bd3 27. Ke3 a6 28. b3 Bf1 29. Kf2 Bd3 30. Nxc4 Bb1 31. a3 Bc2 32. Nd2 c6 33. g4 Kd7 34. h4 Ke6 35. Ke3 Kf6 36. Kf4 Kf7 37. Bc5 b5 38. b4 Bd3 39. Bd4 Bc2 40. Nf3 1-0

[Event "4NCL Online Division 7"]
[Site "online"]
[Date "2021.04.20"]
[EventDate "2021.04.20"]
[Round "7.181"]
[White "Vigus, David"]
[WhiteElo "1510"]
[WhiteTeam "Londinium Legionaries"]
[Black "Bernard, Christopher"]
[BlackElo "1696"]
[BlackTeam "Streatham B"]
[Result "0-1"]
[PlyCount "72"]

1. d4 c5 2. d5 Nf6 3. Nf3 g6 4. Bf4 d6 5. Nc3 Bg7 6. e4 O-O 7. Bd3 a6 8. O-O b5 9. a3 Nbd7 10. Re1 Ng4 11. h3 Nge5 12. Bf1 Nxf3+ 13. Qxf3 Ne5 14. Qe3 Rb8 15. b4 Qc7 16. Rab1 cxb4 17. axb4 Bd7 18. Rb3 Rfc8 19. Qd2 Nc4 20. Qc1 Qb6 21. Be3 Nxe3 22. Qxe3 Bd4 23. Qd2 Rb7 24. Na2 Rbc7 25. Bd3 e6 26. g3 exd5 27. exd5 Bxh3 28. Re4 Bf5 29. Rh4 Bxd3 30. Qh6 f5 31. Rxd3 Bxf2+ 32. Kg2 Be1 33. Rf4 Rxc2+ 34. Kh3 Qg1 35. Kh4 Rh2+ 36. Kg5 Rxh6 0-1

[Event "4NCL Online Division 7"]
[Site "online"]
[Date "2021.04.20"]
[EventDate "2021.04.20"]
[Round "7.182"]
[White "Romeril, Alan"]
[WhiteElo "1658"]
[WhiteTeam "Streatham B"]
[Black "Welch, Stephen T"]
[BlackElo "1434"]
[BlackTeam "Londinium Legionaries"]
[Result "1-0"]
[PlyCount "51"]

1. d4 f5 2. c4 e6 3. Nf3 Nf6 4. Nc3 Be7 5. Bg5 O-O 6. e3 Nc6 7. Be2 Ne4 8. Bxe7 Qxe7 9. O-O Nxc3 10. bxc3 d6 11. Bd3 e5 12. c5 e4 13. cxd6 cxd6 14. Bc4+ Kh8 15. Nd2 Na5 16. Be2 d5 17. Qa4 Nc6 18. c4 Be6 19. c5 f4 20. exf4 Rxf4 21. f3 Qg5 22. fxe4 Bh3 23. g3 Rxf1+ 24. Rxf1 Bxf1 25. Nxf1 Qe3+ 26. Nxe3 1-0

[Event "4NCL Online Division 7"]
[Site "online"]
[Date "2021.04.20"]
[EventDate "2021.04.20"]
[Round "7.183"]
[White "Clerc, Nikolai"]
[WhiteElo "1200"]
[WhiteTeam "Londinium Legionaries"]
[Black "Chung, Michael"]
[BlackElo "1631"]
[BlackTeam "Streatham B"]
[Result "0-1"]
[PlyCount "66"]

1. e4 e5 2. Nf3 Nc6 3. Bc4 h6 4. d4 exd4 5. Nxd4 Ne5 6. Bb3 d6 7. h3 Nf6 8. Nc3 Be7 9. Bf4 Bd7 10. Qe2 a6 11. Nf3 Ng6 12. Bg3 O-O 13. O-O b5 14. a3 c5 15. Nd5 c4 16. Nxe7+ Qxe7 17. Ba2 Ne5 18. Nxe5 dxe5 19. Rad1 Bc6 20. f3 Rad8 21. c3 Nh5 22. Bh2 Qg5 23. Qf2 Qe7 24. Qb6 Bb7 25. Rxd8 Rxd8 26. Bxe5 Rd7 27. Bd4 Nf4 28. Qc5 Qd8 29. Bb1 Ne2+ 30. Kh1 Nxd4 31. cxd4 Rxd4 32. Qb4 Rd2 33. a4 Qg5 0-1

[Event "4NCL Online Division 7"]
[Site "online"]
[Date "2021.04.20"]
[EventDate "2021.04.20"]
[Round "7.184"]
[White "Adatia, Amar"]
[WhiteElo "1373"]
[WhiteTeam "Streatham B"]
[Black "Agazade, Murad"]
[BlackElo "1188"]
[BlackTeam "Londinium Legionaries"]
[Result "0-1"]
[PlyCount "124"]

1. d4 Nf6 2. c4 d5 3. cxd5 Qxd5 4. Nc3 Qd8 5. e4 e5 6. Nf3 exd4 7. Qxd4 Qxd4 8. Nxd4 Bc5 9. Ndb5 Na6 10. Bf4 O-O 11. Nxc7 Nxc7 12. Bxc7 Re8 13. Bd3 Nxe4 14. Nxe4 f5 15. f3 fxe4 16. Bxe4 Bf5 17. O-O-O Bxe4 18. fxe4 Rxe4 19. Kb1 Re2 20. g3 Rf8 21. Bf4 h6 22. h4 Be3 23. Bxe3 Rxe3 24. Rd7 Rxg3 25. Rxb7 Rf7 26. Rxf7 Kxf7 27. b3 a5 28. Kb2 Rg2+ 29. Ka3 Kg6 30. Ra1 Rg4 31. Rh1 Kh5 32. Kb2 Rxh4 33. Rxh4+ Kxh4 34. a4 g5 35. b4 axb4 36. a5 g4 37. a6 g3 38. a7 g2 39. a8=Q g1=Q 40. Qe4+ Qg4 41. Qe7+ Kh5 42. Qf7+ Kg5 43. Qg7+ Kh5 44. Qf7+ Kh4 45. Qf2+ Qg3 46. Qf6+ Qg5 47. Qf2+ Kh3 48. Qf3+ Kh2 49. Qf8 Qd2+ 50. Kb1 Qd1+ 51. Kb2 h5 52. Qf4+ Kg2 53. Qxb4 Qe2+ 54. Kc1 Qe3+ 55. Kd1 Qd3+ 56. Ke1 Qg3+ 57. Kd1 Qg4+ 58. Qxg4+ hxg4 59. Ke1 Kh2 60. Kf2 g3+ 61. Kf1 g2+ 62. Ke2 g1=Q 0-1

[Event "4NCL Online Division 7"]
[Site "online"]
[Date "2021.04.20"]
[EventDate "2021.04.20"]
[Round "7.191"]
[White "Bentham, Sam"]
[WhiteElo "1621"]
[WhiteTeam "Oxford 5"]
[Black "Dobbie, Graham"]
[BlackElo "1823"]
[BlackTeam "East Kilbride Rovers"]
[Result "0-1"]
[PlyCount "68"]

1. c4 e5 2. Nc3 g6 3. g3 Bg7 4. Bg2 Nc6 5. d3 d6 6. e4 Nge7 7. Nge2 O-O 8. O-O f5 9. Be3 Nd4 10. f4 Nxe2+ 11. Nxe2 exf4 12. Nxf4 Bxb2 13. Rb1 Bg7 14. d4 fxe4 15. Bxe4 Nf5 16. Bf2 Re8 17. Re1 Kh8 18. g4 Nh6 19. h3 c6 20. d5 c5 21. Bc2 Rxe1+ 22. Qxe1 Qf8 23. Bg3 Bd4+ 24. Kg2 b6 25. Ba4 Bxg4 26. hxg4 Nxg4 27. Ne6 Qh6 28. Nxd4 cxd4 29. Qe4 Ne3+ 30. Kf2 Rf8+ 31. Ke2 Qh5+ 32. Kd3 Rf3 33. Qxd4+ Kg8 34. Qxe3 Qf5+ 0-1

[Event "4NCL Online Division 7"]
[Site "online"]
[Date "2021.04.20"]
[EventDate "2021.04.20"]
[Round "7.192"]
[White "Smith, Bob"]
[WhiteElo "1422"]
[WhiteTeam "East Kilbride Rovers"]
[Black "Hertog, Alexander"]
[BlackElo "1577"]
[BlackTeam "Oxford 5"]
[Result "0-1"]
[PlyCount "68"]

1. Nf3 Nf6 2. c4 c6 3. b3 d5 4. Bb2 Bf5 5. g3 e6 6. Bg2 Bd6 7. O-O O-O 8. d3 h6 9. Qd2 Re8 10. Nc3 e5 11. cxd5 cxd5 12. Nh4 Be6 13. Nb5 Nc6 14. Nxd6 Qxd6 15. Nf3 Nd7 16. h3 f5 17. Nh2 Nb6 18. f4 Qc5+ 19. Kh1 e4 20. Rac1 Qe7 21. dxe4 dxe4 22. e3 Red8 23. Qe2 Qf7 24. g4 Nb4 25. gxf5 Bxf5 26. Rg1 Nd3 27. Ng4 Bxg4 28. Qxg4 Nf2+ 29. Kh2 Nxg4+ 30. hxg4 Qe7 31. Bf1 Qh4+ 32. Bh3 Rd2+ 33. Rg2 Rad8 34. Be5 Rxg2+ 0-1

[Event "4NCL Online Division 7"]
[Site "online"]
[Date "2021.04.20"]
[EventDate "2021.04.20"]
[Round "7.193"]
[White "Henbest, Kevin B"]
[WhiteElo "1626"]
[WhiteTeam "Oxford 5"]
[Black "Roul, Tushar"]
[BlackElo "392"]
[BlackTeam "East Kilbride Rovers"]
[Result "1/2-1/2"]
[PlyCount "66"]

1. e4 d5 2. exd5 Nf6 3. d4 Qxd5 4. Nc3 Qd6 5. Nf3 Bg4 6. Be2 e6 7. O-O Nc6 8. Be3 O-O-O 9. Nb5 Qd7 10. c3 a6 11. a4 axb5 12. axb5 Nb8 13. Ra8 c6 14. b6 Nd5 15. Qb3 Nxe3 16. fxe3 Bxf3 17. Bxf3 Bd6 18. Qa4 Qe7 19. Ra7 Rd7 20. c4 c5 21. Ra8 cxd4 22. exd4 Qh4 23. g3 Qxd4+ 24. Kh1 Qxb6 25. Rd1 Rhd8 26. c5 Bxc5 27. Rxd7 Rxd7 28. Rxb8+ Kxb8 29. Qxd7 Qc7 30. Qe8+ Ka7 31. Qa4+ Kb8 32. Qe8+ Ka7 33. Qa4+ Kb6 1/2-1/2

[Event "4NCL Online Division 7"]
[Site "online"]
[Date "2021.04.20"]
[EventDate "2021.04.20"]
[Round "7.194"]
[White "Roul, Karan"]
[WhiteElo "430"]
[WhiteTeam "East Kilbride Rovers"]
[Black "Murawski, Jan"]
[BlackElo "1529"]
[BlackTeam "Oxford 5"]
[Result "1-0"]
[PlyCount "59"]

1. e4 e5 2. Nf3 Nc6 3. Nc3 Nf6 4. d4 exd4 5. Nxd4 Bb4 6. Nxc6 bxc6 7. Bd3 d5 8. exd5 cxd5 9. a3 Ba5 10. Be3 O-O 11. O-O Bg4 12. Qd2 Kh8 13. b4 Bb6 14. Bg5 Bd4 15. Rae1 Be6 16. Nb5 Bb6 17. Qf4 h6 18. Bxh6 Ng4 19. Bg5 Qd7 20. h3 f6 21. hxg4 fxg5 22. Qh2+ Kg8 23. Qh7+ Kf7 24. Qg6+ Ke7 25. Bf5 Kd8 26. Rxe6 Qxb5 27. Rd6+ cxd6 28. Qxd6+ Ke8 29. Re1+ Kf7 30. Qe6# 1-0

[Event "4NCL Online Division 7"]
[Site "online"]
[Date "2021.04.20"]
[EventDate "2021.04.20"]
[Round "7.201"]
[White "Even, Philipp"]
[WhiteElo "2028"]
[WhiteTeam "Londinium Centurions"]
[Black "Koppuravuri, Shrihan"]
[BlackElo "1475"]
[BlackTeam "Maidenhead 3"]
[Result "1-0"]
[PlyCount "149"]

1. b3 e5 2. Bb2 Nc6 3. e4 Nf6 4. Nf3 d6 5. d3 Be7 6. Be2 O-O 7. O-O Be6 8. Nbd2 h6 9. Kh1 Nh7 10. d4 exd4 11. Nxd4 Nxd4 12. Bxd4 Bf6 13. Bxf6 Qxf6 14. f4 Bd7 15. Bd3 Bc6 16. Qf3 Rae8 17. a4 Qd4 18. Qg3 Nf6 19. Nf3 Qb4 20. e5 Nh5 21. Qg4 Nxf4 22. Bc4 d5 23. Bb5 Nd3 24. Qf5 Nc5 25. Rad1 Bxb5 26. axb5 Qe4 27. Qxe4 dxe4 28. Nd2 Rxe5 29. Rde1 f5 30. Nc4 Ree8 31. Ra1 a6 32. bxa6 Nxa6 33. Na5 Rb8 34. Nxb7 Rxb7 35. Rxa6 Kh7 36. g3 g6 37. Re6 Rf7 38. Rxe4 Kg7 39. Re6 Rb6 40. Rxb6 cxb6 41. c4 Rc7 42. Kg2 Kf6 43. Rd1 Rc6 44. Kf3 g5 45. Rd5 Ke6 46. h4 Rc5 47. Rd8 Rc6 48. Rh8 Ke5 49. hxg5 hxg5 50. Rg8 g4+ 51. Ke3 Re6 52. Rf8 Re7 53. b4 Kd6+ 54. Kd3 Re5 55. Rb8 Kc7 56. Rf8 Kd6 57. Rf6+ Kc7 58. Kd4 Re4+ 59. Kd5 Re3 60. Rf7+ Kc8 61. Rxf5 Rxg3 62. Kc6 Kd8 63. Kxb6 Rb3 64. b5 g3 65. Rg5 Kd7 66. c5 Ke6 67. c6 Kf6 68. Rg8 Kf7 69. Rg4 Ke6 70. c7 Rc3 71. Rxg3 Rxg3 72. c8=Q+ Kd5 73. Qc6+ Kd4 74. Qd6+ Ke4 75. Qxg3 1-0

[Event "4NCL Online Division 7"]
[Site "online"]
[Date "2021.04.20"]
[EventDate "2021.04.20"]
[Round "7.202"]
[White "Nallaperumal, Kasi Veshagan"]
[WhiteElo "1495"]
[WhiteTeam "Maidenhead 3"]
[Black "Shah, Meeth"]
[BlackElo "1780"]
[BlackTeam "Londinium Centurions"]
[Result "0-1"]
[PlyCount "66"]

1. d4 Nf6 2. Bf4 g6 3. e3 Bg7 4. Nc3 O-O 5. Nf3 d6 6. Bd3 Nc6 7. O-O Nd7 8. h3 e5 9. dxe5 dxe5 10. Bg3 Ne7 11. e4 c6 12. Ng5 Qb6 13. Na4 Qa5 14. b3 b5 15. Nb2 Qb6 16. c4 Nc5 17. Be2 f5 18. Qd6 f4 19. Bh4 Bf6 20. Nxh7 Bxh4 21. Nxf8 Bxf2+ 22. Kh2 Bg3+ 23. Kh1 Kxf8 24. Qxe5 Nd7 25. Qh8+ Kf7 26. Qh7+ Ke8 27. Bg4 Nf8 28. Qg7 Bxg4 29. hxg4 Rd8 30. e5 Qe3 31. Qf6 Qe2 32. Rab1 Rd2 33. e6 Qxg2# 0-1

[Event "4NCL Online Division 7"]
[Site "online"]
[Date "2021.04.20"]
[EventDate "2021.04.20"]
[Round "7.203"]
[White "Voiculescu-Holvad, Stefan"]
[WhiteElo "1779"]
[WhiteTeam "Londinium Centurions"]
[Black "Chen, William"]
[BlackElo "1320"]
[BlackTeam "Maidenhead 3"]
[Result "1-0"]
[PlyCount "110"]

1. d4 d5 2. c4 e6 3. Nc3 Nf6 4. Bg5 Be7 5. e3 O-O 6. cxd5 exd5 7. Bd3 Be6 8. Qc2 h6 9. Bh4 Nc6 10. a3 a5 11. Nge2 a4 12. O-O Na5 13. Nxa4 Qd7 14. Nc5 Bxc5 15. dxc5 Ng4 16. Bg3 f6 17. Nd4 Ne5 18. Nxe6 Qxe6 19. Bf5 Qe7 20. Rfd1 c6 21. e4 dxe4 22. Bxe4 Rfe8 23. b3 Nd7 24. Bh7+ Kh8 25. Bd6 Qe6 26. Bf5 Qf7 27. Bg6 Qxb3 28. Qxb3 Nxb3 29. Bxe8 Ndxc5 30. Bxc5 Nxa1 31. Rxa1 Rxe8 32. Kf1 Re5 33. Be3 g5 34. Rb1 b5 35. Rc1 Re6 36. Bc5 Kg7 37. Re1 Rxe1+ 38. Kxe1 f5 39. Ke2 Kf6 40. Kd3 Ke5 41. Bf8 h5 42. Bh6 g4 43. Bf8 Kd5 44. Kc3 Ke4 45. Kb4 Kd3 46. Kc5 Ke2 47. Kxc6 Kxf2 48. g3 Kg2 49. Kxb5 Kxh2 50. Bd6 Kh3 51. a4 h4 52. gxh4 g3 53. h5 g2 54. Bc5 f4 55. h6 f3 1-0

[Event "4NCL Online Division 7"]
[Site "online"]
[Date "2021.04.20"]
[EventDate "2021.04.20"]
[Round "7.211"]
[White "Sugden, Freddie"]
[WhiteElo "1863"]
[WhiteTeam "Hackney Go Lucky"]
[Black "Shiva, Shrishti"]
[BlackElo "1219"]
[BlackTeam "Colchester JFF C"]
[Result "1-0"]
[PlyCount "49"]

1. e4 e5 2. d4 exd4 3. c3 dxc3 4. Bc4 Nf6 5. e5 Qe7 6. Nf3 d6 7. O-O Ng4 8. exd6 Qxd6 9. Qb3 Be7 10. Bxf7+ Kf8 11. Nxc3 Qf6 12. Bc4 Nc6 13. Nd5 Qd6 14. Bf4 Qc5 15. Rac1 Na5 16. Qd3 c6 17. Nxe7 Qxe7 18. Bd6 Nxc4 19. Rxc4 Be6 20. Bxe7+ Kxe7 21. Re1 Kf7 22. Ng5+ Kf8 23. Qd6+ Kg8 24. Qxe6+ Kf8 25. Qf7# 1-0

[Event "4NCL Online Division 7"]
[Site "online"]
[Date "2021.04.20"]
[EventDate "2021.04.20"]
[Round "7.212"]
[White "Kariyawasam, Alexander"]
[WhiteElo "1156"]
[WhiteTeam "Colchester JFF C"]
[Black "Rosenbaum, Danny"]
[BlackElo "1723"]
[BlackTeam "Hackney Go Lucky"]
[Result "0-1"]
[PlyCount "32"]

1. e4 e5 2. Nf3 Nc6 3. Nc3 Nf6 4. Bc4 Bc5 5. O-O O-O 6. d3 d6 7. Bd2 Bg4 8. Qc1 Bxf3 9. Bh6 Bh5 10. Qg5 Bg6 11. h4 gxh6 12. Qxh6 Ng4 13. Qd2 Qxh4 14. Rfd1 Nxf2 15. Kf1 Nxd1 16. Qxd1 Qf2# 0-1

[Event "4NCL Online Division 7"]
[Site "online"]
[Date "2021.04.20"]
[EventDate "2021.04.20"]
[Round "7.213"]
[White "Jones, Zebedee"]
[WhiteElo "1635"]
[WhiteTeam "Hackney Go Lucky"]
[Black "Kariyawasam, Rohan"]
[BlackElo "1000"]
[BlackTeam "Colchester JFF C"]
[Result "1-0"]
[PlyCount "63"]

1. Nf3 Nf6 2. g3 d6 3. Bg2 c5 4. O-O Bf5 5. d3 Nc6 6. e4 Bg4 7. c3 Qd7 8. Na3 Bh3 9. Nc2 O-O-O 10. Ng5 Re8 11. Nxh3 h6 12. f4 e6 13. d4 e5 14. dxc5 h5 15. Ng5 h4 16. Bh3 hxg3 17. Bxd7+ Kxd7 18. hxg3 Re6 19. f5 Re7 20. Qxd6+ Ke8 21. Qd1 Rd7 22. Qe2 Bxc5+ 23. Be3 Be7 24. Rad1 Rc7 25. Nb4 Nxb4 26. cxb4 a6 27. Rc1 Rxc1 28. Rxc1 Kf8 29. Qc4 Ke8 30. Qxf7+ Kd7 31. Qe6+ Ke8 32. Rc8# 1-0

[Event "4NCL Online Division 7"]
[Site "online"]
[Date "2021.04.20"]
[EventDate "2021.04.20"]
[Round "7.214"]
[White "Salkauskas, Deimantas"]
[WhiteElo "969"]
[WhiteTeam "Colchester JFF C"]
[Black "Nabijou, Kayvon"]
[BlackElo "1311"]
[BlackTeam "Hackney Go Lucky"]
[Result "0-1"]
[PlyCount "74"]

1. e4 e6 2. Nc3 d5 3. exd5 exd5 4. d4 Nf6 5. Bg5 Be7 6. Nf3 O-O 7. Be2 Nbd7 8. O-O c5 9. dxc5 Nxc5 10. b4 Nce4 11. Bxf6 Nxc3 12. Bxc3 a6 13. Qd4 Bf6 14. Qd2 Re8 15. Rfe1 Be6 16. b5 Bxc3 17. Qxc3 Rc8 18. Qd4 Rxc2 19. bxa6 bxa6 20. Bxa6 Qa5 21. Re2 Rxe2 22. Bxe2 Bf5 23. Bd3 Be4 24. a4 h6 25. Bb5 Rc8 26. Qd2 Qb6 27. Qe2 Rc2 28. Qf1 Qg6 29. Qd1 Qf6 30. a5 Qb2 31. Rb1 Qa3 32. Ra1 Qc5 33. Qf1 d4 34. a6 d3 35. Bxd3 Bxd3 36. Qxd3 Qxf2+ 37. Kh1 Qxg2# 0-1

[Event "4NCL Online Division 7"]
[Site "online"]
[Date "2021.04.20"]
[EventDate "2021.04.20"]
[Round "7.221"]
[White "Kitaev, Daniel"]
[WhiteElo "1352"]
[WhiteTeam "Grangemouth Guerillas"]
[Black "Bingham, James T"]
[BlackElo "1740"]
[BlackTeam "Braunstone 2"]
[Result "1-0"]
[PlyCount "93"]

1. d4 Nf6 2. Bf4 e6 3. Nf3 d5 4. e3 c5 5. c3 Nc6 6. Bd3 Nh5 7. Bg3 Nxg3 8. hxg3 h6 9. Nbd2 c4 10. Bc2 Bd6 11. Qe2 Qe7 12. O-O-O Bd7 13. e4 b5 14. g4 e5 15. exd5 exd4 16. Qxe7+ Nxe7 17. Nxd4 Bxg4 18. f3 Bd7 19. Ne4 Bf4+ 20. Kb1 O-O 21. g4 Rfd8 22. Ne2 Bb8 23. g5 hxg5 24. Nxg5 Nf5 25. Nd4 Ne3 26. Bh7+ Kf8 27. Rde1 Bf4 28. Nh3 Bh6 29. f4 Nxd5 30. Be4 Be8 31. Ng5 Nxf4 32. Nh7+ Kg8 33. Bxa8 Kxh7 34. Be4+ g6 35. Ref1 Nd5 36. Rh5 Ne3 37. Rfh1 Ng4 38. R5h4 Bd7 39. Bf3 Kg7 40. Bxg4 Be6 41. Bxe6 fxe6 42. Nxe6+ Kf6 43. Nxd8 Bg5 44. Rf1+ Ke7 45. Rg4 Bf6 46. Nc6+ Kd7 47. Rxf6 1-0